[Event "BCF-ch Yates U1500 op"]
[Site "Hull"]
[Date "2024.07.28"]
[Round "4"]
[White "Mak, Jules"]
[Black "Kelly, Martin"]
[Result "0-1"]
[WhiteElo "1003"]
[BlackElo "1352"]
[PlyCount "34"]
[EventDate "2024.07.26"]
[EventType "swiss"]
[EventRounds "5"]
[EventCountry "ENG"]
[SourceTitle "CBM 221 Extra"]
[Source "ChessBase"]
[SourceDate "2024.09.30"]
[SourceVersion "1"]
[SourceVersionDate "2024.09.30"]
[SourceQuality "1"]

1. e4 e5 2. Nf3 Nc6 3. Bc4 Nf6 4. c3 Bc5 5. 0-0 0-0 6. d3 h6 7. Bb3 d6 8. d4 exd4 9. Nxd4 Bxd4 10. cxd4 Nxe4 11. Nd2 Nxd2 12. Qxd2 Bd7 13. Bc2 Qf6 14. Qd3 g6 15. Bxh6 Bf5 16. Qb3 Nxd4 17. Qc3 Ne2+ 0-1

[Event "BCF-ch Yates U1500 op"]
[Site "Hull"]
[Date "2024.07.27"]
[Round "3"]
[White "Glasbey, Billy"]
[Black "Mak, Jules"]
[Result "1/2-1/2"]
[WhiteElo "1217"]
[BlackElo "1003"]
[PlyCount "56"]
[EventDate "2024.07.26"]
[EventType "swiss"]
[EventRounds "5"]
[EventCountry "ENG"]
[SourceTitle "CBM 221 Extra"]
[Source "ChessBase"]
[SourceDate "2024.09.30"]
[SourceVersion "1"]
[SourceVersionDate "2024.09.30"]
[SourceQuality "1"]

1. e4 e5 2. Nf3 Nc6 3. Bc4 Bc5 4. c3 d6 5. d4 exd4 6. cxd4 Bb4+ 7. Nc3 Nf6 8. 0-0 Bxc3 9. bxc3 Nxe4 10. Re1 d5 11. Bb3 0-0 12. Re3 Bg4 13. h3 Bxf3 14. Qxf3 f5 15. Bb2 b5 16. Ba3 Rf7 17. Qe2 f4 18. Rf3 a5 19. Bc1 b4 20. c4 Nxd4 21. Qd3 Nxf3+ 22. Qxf3 c6 23. Bb2 Qb6 24. Rd1 Rd8 25. cxd5 Nf6 26. dxc6 Rxd1+ 27. Qxd1 Qxc6 28. Bxf7+ Kxf7 1/2-1/2